|
|
|
|
| LEADER |
01129nam a2200265 a 4500 |
| 001 |
1462440 |
| 008 |
091115s1987 coua b 001 0 eng d |
| 010 |
|
|
|a 86028304
|
| 020 |
|
|
|a 081337197X (alk. paper)
|
| 020 |
|
|
|a 0946688095
|
| 040 |
|
|
|a DLC
|c DLC
|d DLC
|
| 082 |
0 |
0 |
|a 338.1/73491/091724
|2 19
|
| 100 |
1 |
|
|a Horton, Douglas E.
|
| 245 |
1 |
0 |
|a Potatoes :
|b production, marketing, and programs for developing countries /
|c Douglas Horton.
|
| 260 |
|
|
|a Boulder :
|b Westview Press ;
|a London :
|b IT Publications,
|c 1987.
|
| 300 |
|
|
|a xii, 243 p. :
|b ill. ;
|c 24 cm.
|
| 490 |
0 |
|
|a Winrock development-oriented literature series
|
| 504 |
|
|
|a Includes Bibliography (p. 221-228) and index.
|
| 541 |
1 |
|
|e 00004883
|
| 650 |
|
0 |
|a Potatoes
|z Developing countries.
|
| 650 |
|
0 |
|a Potato industry
|z Developing countries.
|
| 650 |
|
0 |
|a Potatoes
|x Government policy
|z Developing countries.
|
| 852 |
4 |
|
|a Ayesha Abed Library
|j General Shelf
|
| 999 |
|
|
|c 7464
|d 7464
|
| 952 |
|
|
|0 0
|1 0
|2 ddc
|4 0
|6 338_173491091724000_HOR_1987
|7 0
|9 8012
|a BRACUL
|b BRACUL
|c GEN
|d 2010-02-11
|g 0.00
|l 0
|o 338.173491091724 HOR
|p 3010004883
|r 2010-02-11
|t 1
|w 2010-02-11
|y BK
|z Not price in Register
|